Nové techniky spracovania optických signálov v optickom prenosovom a bezdrôtovom médiu

Salvato in:
Dettagli Bibliografici
Autore principale: Vanya, Adam (Autore)
Altri autori: Róka, Rastislav (Relatore della tesi)
Natura: Manoscritto Libro
Lingua:slovacco
Pubblicazione: Bratislava : STU v Bratislave FEI, 2021
Soggetti:
Accesso online:https://opac.crzp.sk/?fn=detailBiblioForm&sid=1D055279E2D1258CB87D2C1E7F1A&seo=CRZP-detail-kniha
Tags: Aggiungi Tag
Nessun Tag, puoi essere il primo ad aggiungerne!!

MARC

LEADER 00000ntm a22000003a 4500
001 stuzp82356
003 SK-STU
005 20211130122056.5
007 ta
008 150427s2015----xo-----f-mn---000-0-slo-d
040 |a STU  |b slo 
041 0 |a slo 
044 |a xo 
100 1 |a Vanya, Adam  |u 037000  |4 aut  |U FEI Fakulta elektrotechniky a informatiky  |T FEI Ústav multimediálnych informačných a komunikačných technológií  |X 86905  |U E070  |Y 818  |7 86905 
242 0 1 |a New Processing Techniques of Optical Signals in the Optical Transmission and Wireless Medium  |y eng 
245 1 0 |a Nové techniky spracovania optických signálov v optickom prenosovom a bezdrôtovom médiu 
260 |a Bratislava :  |b STU v Bratislave FEI,  |c 2021 
300 |a 64 s., príl. 
650 4 |a optický prenosový systém  |2 slo 
650 4 |a Kimov model  |2 slo 
650 4 |a diagram oka  |2 slo 
650 4 |a bezdrôtové optické prostredie  |2 slo 
650 4 |a modulačná technika FBMC  |2 slo 
650 4 |a systém FSO  |2 slo 
650 4 |a bezdrôtová prenosová cesta  |2 slo 
650 4 |a eye diagram  |2 eng 
650 4 |a optical wireless enviroment  |2 eng 
650 4 |a FBMC modulation technique  |2 eng 
650 4 |a FSO system  |2 eng 
650 4 |a Kim’s model  |2 eng 
650 4 |a wireless transmission path  |2 eng 
650 4 |a optical transmission system  |2 eng 
700 1 |a Róka, Rastislav  |u 037000  |k Z1  |4 ths  |U FEI Fakulta elektrotechniky a informatiky  |T FEI Ústav multimediálnych informačných a komunikačných technológií  |X 1946  |U E070  |Y 818  |7 A000001946 
856 4 |u https://opac.crzp.sk/?fn=detailBiblioForm&sid=1D055279E2D1258CB87D2C1E7F1A&seo=CRZP-detail-kniha